000 00432nab a2200145Ia 4500
003 ES-SlBCS
005 20210601130755.0
008 140529s1985 xxu||||| |||| 00| 0 fre d
041 _afre
100 1 _aDelfgaauw, Bernard
_927738
245 0 0 _aLa Philosophie et le Langage
_c Bernard Delfgaauw
650 0 4 _aFilosofía-Lenguaje
_9175633
773 0 _tPresença Filosofica
_gvol. 11, nº. 1, 1985, págs. 22-34
_wRev966
942 _cAR
999 _c552144
_d552144